Statistiken für Welches Bundesland Österreichs?

Klicken Sie hier um das Quiz zu spielen!

Allgemein

  • Dieses Quiz wurde 276 mal gespielt
    (257 seit der letzten Aktualisierung)
  • Das Durchschnittsergebnis liegt bei 18 aus 20

Antwortstatistiken

Welches Bundesland ...Bundesland% Korrekt
... hat die meisten Einwohner?Wien
99%
... hat den selben Namen wie seine Hauptstadt?Salzburg | Wien
98%
... hat die wenigsten Einwohner?Burgenland
97%
... besteht aus zwei Teilen?Tirol
97%
... ist jenes in dem der Großglockner liegt?Kärnten | Osttirol
95%
... hat eine slowenische Minderheit?Kärnten
92%
... hat die Olympischen Spiele veranstaltet?Tirol
92%
... grenzt an die meisten Nachbarländer?Burgenland | Tirol | Vorarlberg
91%
... ist jenes in dem Steyr liegt?Oberösterreich
91%
... präsentiert sich mit einem grünen Herz?Steiermark
91%
... grenzt an die meisten anderen Bundesländer?Steiermark
90%
... hat die geringste Bevölkerungsdichte?Kärnten
89%
... hat ein Loch?Niederösterreich
88%
... ist jenes in dem die Wachau liegt?Niederösterreich
87%
... hat viele Regionen die in -gau enden?Salzburg
87%
... hat eine Formel 1 Rennstrecke?Steiermark
85%
... hat Anteil am tiefsten See des Landes?Vorarlberg
84%
... spricht keinen bairischen Dialekt?Vorarlberg
81%
... hat die größte Arbeitslosenquote?*Wien
81%
... hat eine dreifärbige Flagge?Kärnten
73%

Verteilung der Resultate

Perzentil nach korrekt beantworteten Fragen

Anzahl Personen mit jedem Resultat

Ihre Resultats-Entwicklung

Sie haben dieses Quiz seit der letzten Aktualisierung nicht gespielt